| 000 | 00875nam a2200241Ia 4500 | ||
|---|---|---|---|
| 003 | GCL | ||
| 008 | 140319s9999 xx 000 0 ara d | ||
| 040 |
_aGCL / _cGCL |
||
| 082 | 0 | 4 |
_aد _b050 |
| 100 | 1 | _aعبدالستار ابراهيم | |
| 245 | 1 | 0 |
_aالعلاج السلوكى للطفل: اساليبة ونماذج من حالاتة (عالم المعرفة 66) / _cعبدالستار ابراهيم |
| 700 | 1 | _aعبدالعزيز عبدالله الدخيل | |
| 700 | 1 | _aرضوى ابراهيم | |
| 260 |
_a[S.N] : _bالمجلس الوطنى للثقافة والفنون والاداب ، _c1993 |
||
| 300 | _a372 ص | ||
| 490 |
_aعالم المعرفة _v0 |
||
| 650 | 0 | 4 | _aالاطفال |
| 650 | 0 | 4 | _aرياض الاطفال |
| 650 | 0 | 4 | _aعلم النفس |
| 650 | 0 | 4 | _aالسلوك |
| 650 | 0 | 4 | _aالرعاية الذهنية |
| 942 |
_2ddc _cBK |
||
| 999 |
_c35780 _d35780 |
||